01135nam a2200265 4500001000700000003000900007005001700016007000300033008004100036080003100077080002300108100002700131245013400158260006600292300002900358490007500387500003200462610003700494650003500531651005300566830008300619852002500702999001900727952012300746180190ES-MaACL20230906221027.0t|120516s1909 sp r ||||1| spa d a738.033.5(460.313 Manises) a728.81(450.721 N.)1 aOsma, G. J. de.98775714aLas divisas del Rey en los pavimentos de "obra de Manises" del castillo de Nápoles b: (años 1446-1458) / cpor G.J. de Osma. aMadrid : b[s.n.], c1909 (fImp. de Hijos de Manuel Ginés) a88 p. : bil. ; c29 cm.1 aApuntes sobre cerámica morisca. Textos y documentos valencianos ;v3 aEjemplar numerado, nº 108.24aCastel Nuovo (Nápoles)9150014 4aCerámica de Manises.9149913 4aNápoles-xEdificios, estructuras, etc.91500150 aApuntes sobre cerámica morisca. Textos y documentos valencianos ;v39191198 aES-MaACLjB-11471(3) c180190d180190 00104070aATENEOMbATENEOMcSPBd2012-05-16eSCl0oB-11471(3)p1189333r2023-02-23 00:00:00w2023-02-23yMONOGRAFIA